000 00292nam a22001337a 4500
008 180914b xxu||||| |||| 00| 0 eng d
020 _a9780880296908
041 _aeng
080 _a941
100 _a16
101 _aHIS
245 _aDisease And History
_cBiddis.M D
942 _2udc
_cBK
999 _c47748
_d47748